Isle of the dead / (Record no. 5618)
[ view plain ]
| 000 -LEADER | |
|---|---|
| fixed length control field | 01295nam a22002777a 4500 |
| 001 - CONTROL NUMBER | |
| control field | 5618 |
| 003 - CONTROL NUMBER IDENTIFIER | |
| control field | FISKH |
| 005 - DATE AND TIME OF LATEST TRANSACTION | |
| control field | 20241220112852.0 |
| 008 - FIXED-LENGTH DATA ELEMENTS--GENERAL INFORMATION | |
| fixed length control field | 241220b cb ||||| |||| 00| 0 eng d |
| 020 ## - INTERNATIONAL STANDARD BOOK NUMBER | |
| International Standard Book Number | 9780439633758 |
| 040 ## - CATALOGING SOURCE | |
| Original cataloging agency | FISKH |
| Language of cataloging | eng |
| Transcribing agency | FISKH |
| Modifying agency | FISKH |
| 050 ## - LIBRARY OF CONGRESS CALL NUMBER | |
| Classification number | PZ7.R5996 |
| 082 ## - DEWEY DECIMAL CLASSIFICATION NUMBER | |
| Classification number | 823.914 |
| 100 ## - MAIN ENTRY--PERSONAL NAME | |
| Personal name | Rodda, Emily |
| 245 ## - TITLE STATEMENT | |
| Title | Isle of the dead / |
| Statement of responsibility, etc. | By Emily Rodda |
| 250 ## - EDITION STATEMENT | |
| Edition statement | First American edition, December 2004 |
| 260 ## - PUBLICATION, DISTRIBUTION, ETC. | |
| Place of publication, distribution, etc. | New York : |
| Name of publisher, distributor, etc. | Scholastic ; |
| Date of publication, distribution, etc. | 2004. |
| 300 ## - PHYSICAL DESCRIPTION | |
| Extent | 195 pages : |
| Other physical details | illustrations ; |
| Dimensions | 20 cm . |
| 490 ## - SERIES STATEMENT | |
| Series statement | Dragons of Deltora |
| Volume/sequential designation | Book 3 |
| 520 ## - SUMMARY, ETC. | |
| Summary, etc. | Lief, Barda, Jasmine and Deltora's last dragons are on another quest to save the kingdom's starving people. But the Shadow Lord has become aware of their quest. Adventure and thrills in this fantastic continuation of the legendary Deltora series. Lief, Barda, and Jasmine face their starkest challenge yet as they must travel into the hideous Isle of the Dead in order to defeat the evil Shadow Lord's plan to return to power. By land, sea, or air, they will confront fearsome creatures along the way - valuing courage above all else. |
| 650 ## - SUBJECT ADDED ENTRY--TOPICAL TERM | |
| Topical term or geographic name entry element | Dragons of Deltora |
| Form subdivision | Fiction |
| 650 ## - SUBJECT ADDED ENTRY--TOPICAL TERM | |
| Topical term or geographic name entry element | Children |
| Form subdivision | Fiction |
| 700 ## - ADDED ENTRY--PERSONAL NAME | |
| Personal name | Rowe, Kate |
| Relator term | illustrator |
| 942 ## - ADDED ENTRY ELEMENTS (KOHA) | |
| Source of classification or shelving scheme | Dewey Decimal Classification |
| Koha item type | Books |
| Suppress in OPAC | No |
| Withdrawn status | Lost status | Source of classification or shelving scheme | Damaged status | Not for loan | Collection | Home library | Current library | Shelving location | Date acquired | Total Checkouts | Full call number | Barcode | Date last seen | Price effective from | Koha item type |
|---|---|---|---|---|---|---|---|---|---|---|---|---|---|---|---|
| Dewey Decimal Classification | Fiction | Footprints International School Library Network Toul Kork Campus | Footprints International School Library Network Toul Kork Campus | TTP Secondary Fiction Bookshelves | 12/20/2024 | ROD 823.914 PZ7.R5996 | FIS03162 | 12/20/2024 | 12/20/2024 | Books |
